[Event "Porto Alegre op"]
[Site "Porto Alegre"]
[Date "2023.05.05"]
[Round "1"]
[White "Hernandez, Mauri Delgado"]
[Black "Lobato, Lucas Almeida"]
[Result "1-0"]
[WhiteElo "1800"]
[BlackElo "1754"]
[PlyCount "77"]
[EventDate "2023.05.05"]
[EventType "swiss"]
[EventRounds "7"]
[EventCountry "BRA"]
[SourceTitle "CBM 214 Extra"]
[Source "ChessBase"]
[SourceDate "2023.07.31"]
[SourceVersion "1"]
[SourceVersionDate "2023.07.31"]
[SourceQuality "1"]

1. d4 Nf6 2. c4 g6 3. Nc3 d5 4. Bf4 Bg7 5. e3 0-0 6. Nf3 Na6 7. c5 Nh5 8. Be5 f6 9. Bg3 c6 10. Qa4 Nc7 11. Bxc7 Qxc7 12. Be2 Bh8 13. 0-0 e5 14. e4 Nf4 15. Bd1 exd4 16. exd5 cxd5 17. Qxd4 Be6 18. Nb5 Qd7 19. Nd6 Nh5 20. Bb3 f5 21. Ne5 Qg7 22. Rae1 Nf6 23. f4 Ne4 24. Bxd5 Nxd6 25. Bxe6+ Nf7 26. Qc4 h6 27. Nxf7 Qd4+ 28. Qxd4 Bxd4+ 29. Kh1 Rxf7 30. Bxf7+ Kxf7 31. b4 Bc3 32. a3 Bxe1 33. Rxe1 Rd8 34. g3 Rd3 35. a4 Ra3 36. Rc1 Rxa4 37. b5 Ke6 38. c6 bxc6 39. bxc6 1-0